书目信息 |
| 题名: |
三元里人民抗英斗争史料
|
|
| 作者: | ;广东省文史研究馆 编 | |
| 分册: | ||
| 出版信息: | 北京 中华书局 1978 |
|
| 页数: | 448页 | |
| 开本: | 20cm | |
| 丛书名: | ||
| 单 册: | ||
| 中图分类: | K253.16 | |
| 科图分类: | ||
| 主题词: | 三元里人民抗英斗争--史料 , 中国--历史--1840~1949 | |
| 电子资源: | ||
| ISBN: | ||
| 000 | 00761nam0 2200241 45 | |
| 001 | 0178002311 | |
| 005 | 20060813150301.93 | |
| 010 | @dCNY1.75 | |
| 091 | @a11018.163 | |
| 100 | @a19950724d1978 em y0chiy0121 ea | |
| 101 | 0 | @achi |
| 102 | @aCN@b110000 | |
| 105 | @ay z 000yy | |
| 200 | 10 | @a三元里人民抗英斗争史料@Asan yuan li ren min kang ying dou zheng shi liao@f广东省文史研究馆编@Fguang dong sheng wen shi yan jiu guan bian |
| 205 | @a修订本 | |
| 210 | @a北京@c中华书局@d1978 | |
| 215 | @a448页@d20cm | |
| 606 | @a三元里人民抗英斗争@x史料 | |
| 606 | 0 | @a中国@x历史@z1840~1949 |
| 690 | @aK253.16@v3 | |
| 711 | 02 | @a广东省文史研究馆@Aguang dong sheng wen shi yan jiu guan@4编 |
| 801 | 0 | @aCN@bNLC@c20060813 |
| 905 | @f1@b3489@dK253.16@e4 | |
| 三元里人民抗英斗争史料/广东省文史研究馆编.-修订本.-北京:中华书局,1978 |
| 448页;20cm |
| ISBN :CNY1.75 |
| ● |
| 相关链接 |
|
|
|
|
正题名:三元里人民抗英斗争史料
索取号:K253.16/4
 
预约/预借
| 序号 | 登录号 | 条形码 | 馆藏地/架位号 | 状态 | 备注 |
| 1 | 0003489 | 001926036 | 密集书库/ [索取号:K253.16/4] | 在馆 | |
| 2 | 0003490 | 000752992 | 密集书库/ [索取号:K253.16/4] | 在馆 | |
| 3 | 0003493 | 000752983 | 密集书库/ [索取号:K253.16/4] | 在馆 | |
| 4 | 0014466 | 000753045 | 密集书库/ [索取号:K253.16/4] | 在馆 | |
| 5 | 0173504 | 000753125 | 密集书库/ [索取号:K253.16/4] | 在馆 |